000 00846nam a2200169Ia 4500
005 20250728154339.0
008 250728s9999 xx 000 0 und d
020 _a9780099523451
082 _a947.085
_bPOL
100 _aPolitkovskaya, Anna
245 2 _aA Russian Diary
260 _bRandom House
_c2008
300 _a338 pages
500 _aA Russian Diary is the book that Anna Politkovskaya had recently completed when she was murdered in a contract killing in Moscow. Covering the period from the Russian parliamentary elections of December 2003 to the tragic aftermath of the Beslan school siege in late 2005, A Russian Diary is an unflinching record of the plight of millions of Russians and a pitiless report on the cynicism and corruption of Vladimir Putin's Presidency.
650 _aBiography & Autobiography
942 _cENGLISH
999 _c577645
_d577645